000 00359nam a2200133Ia 4500
008 240624s9999 xx 000 0 und d
041 _aeng
082 _a344.01 PUR
100 _aPURI S D
245 _aGUIDE TO THE PAYMENT OF GRATUITY ACT 197
260 _c2008
_aMumbai
_bSnow White Publication Pvt. Ltd.
300 _a720 : p. : cm. ; 26
365 _cRS
_b15
999 _c10523
_d10523